塞思秘件 (Record no. 54085)

000 -LEADER
fixed length control field 00523nam a22001937a 4500
003 - CONTROL NUMBER IDENTIFIER
control field MPLRDC
005 - DATE AND TIME OF LATEST TRANSACTION
control field 20220104154630.0
008 - FIXED-LENGTH DATA ELEMENTS--GENERAL INFORMATION
fixed length control field 210129b ||||| |||| 00| 0 eng d
020 ## - INTERNATIONAL STANDARD BOOK NUMBER
International Standard Book Number 957-730-020-0
082 ## - DEWEY DECIMAL CLASSIFICATION NUMBER
Classification number 296.1 ROBE
100 ## - MAIN ENTRY--PERSONAL NAME
Personal name JANE ROBERTS原著
245 ## - TITLE STATEMENT
Title 塞思秘件
Statement of responsibility, etc. 裘雯译
250 ## - EDITION STATEMENT
Edition statement 初版
260 ## - PUBLICATION, DISTRIBUTION, ETC.
Place of publication, distribution, etc. 台湾
Name of publisher, distributor, etc. 桂冠图书股份有限公司
Date of publication, distribution, etc. 1998
300 ## - PHYSICAL DESCRIPTION
Other physical details
490 ## - SERIES STATEMENT
Series statement 桂冠另类心理学丛书
650 ## - SUBJECT ADDED ENTRY--TOPICAL TERM
Topical term or geographic name entry element 通灵术; 心灵术--通灵、观灵
942 ## - ADDED ENTRY ELEMENTS (KOHA)
Koha item type Book
-- 296.1 ROBE
Holdings
Withdrawn status Lost status Source of classification or shelving scheme Damaged status Not for loan Collection code Home library Current library Shelving location Date acquired Cost, normal purchase price Total Checkouts Total Renewals Full call number Barcode Date last seen Date last checked out Price effective from Koha item type Public note
            Malaysian Public Library, Research and Development Centre Malaysian Public Library, Research and Development Centre   10/12/2007 12.00   2 296.1 ROBE 00054270 18/03/2021 19/09/2018 18/03/2021 Book mplrdc

© 2022. Malaysian Public Library, Research and Development Centre. All Right ReservedE-mailmplrdc@help.edu.my 

Powered by Koha